Españoles Ganadores de alguno de los 4 Latin Grammys Generales - Estadísticas

Estadísticas generales
  • Esta prueba ha sido intentada 6 veces
  • La puntuación promedio es 5 de 8
Estadísticas de respuestas
Respuesta % Correcto
Alejandro Sanz
100%
Rosalia
83%
C Tangana
67%
Enrique Iglesias
67%
David Bisbal
50%
Paco de Lucía
50%
Bebe
33%
Beatriz Luengo
17%
No se encontraron pruebas coincidentes
Distribución de puntuación
Porcentaje de gente con cada puntuación
Porcentaje por número respondido
Historial de tus puntuaciones
No has intentado esta prueba.